Dredging And Dredging Appliances / (Record no. 26790)

000 -LEADER
fixed length control field 00696nam a22002057a 4500
001 - CONTROL NUMBER
control field 0000000479
003 - CONTROL NUMBER IDENTIFIER
control field PPM
005 - DATE AND TIME OF LATEST TRANSACTION
control field 20250922161758.0
008 - FIXED-LENGTH DATA ELEMENTS--GENERAL INFORMATION
fixed length control field 250922b ||||| |||| 00| 0 eng d
020 ## - INTERNATIONAL STANDARD BOOK NUMBER
Qualifying information Hardback
035 ## - SYSTEM CONTROL NUMBER
System control number 0000000479
040 ## - CATALOGING SOURCE
Language of cataloging Eng
Transcribing agency Pusat Penyelidikan Mineral, Jabatan Mineral Dan Geosains Malaysia
Description conventions rda
082 00 - DEWEY DECIMAL CLASSIFICATION NUMBER
Edition number 23
Classification number 627.74
Item number DEK 1927
100 1# - MAIN ENTRY--PERSONAL NAME
Personal name Dekker, P. M.
Relator term author
245 10 - TITLE STATEMENT
Title Dredging And Dredging Appliances /
Statement of responsibility, etc. by P. M. Dekker ; with an introduction by Sir Robert Hadfield
260 #1 - PUBLICATION, DISTRIBUTION, ETC.
Place of publication, distribution, etc. London :
Name of publisher, distributor, etc. Crosby Lockwood & Son ,
Date of publication, distribution, etc. 1927
300 00 - PHYSICAL DESCRIPTION
Extent xvi, 170 pages .:
Other physical details 7 fold. pl., diagrams, illustrations .;
Dimensions 28 cm
650 10 - SUBJECT ADDED ENTRY--TOPICAL TERM
Topical term or geographic name entry element Dredges
942 ## - ADDED ENTRY ELEMENTS (KOHA)
Source of classification or shelving scheme
Koha item type Books
Holdings
Withdrawn status Lost status Source of classification or shelving scheme Damaged status Not for loan Collection code Permanent Location Current Location Shelving location Date acquired Total Checkouts Full call number Date last seen Price effective from Koha item type
Available         Open Shelf PPM PPM Open Shelf 22/09/2025   627.74 DEK 1927 22/09/2025 22/09/2025 Books